Every Premier League Goalscorer (2011/12) - Statistics

General Stats
  • This quiz has been taken 108 times
  • The average score is 70 of 274
Answer Stats
Player Club Goals % Correct
Robin van Persie Arsenal 30
84%
Demba Ba Newcastle United 16
75%
Wayne Rooney Manchester United 27
75%
Orlando Sá Fulham 1
74%
Steven Gerrard Liverpool 5
74%
Frank Lampard Chelsea 11
71%
Didier Drogba Chelsea 5
70%
Sergio Agüero Manchester City 23
70%
David Silva Manchester City 6
64%
John Terry Chelsea 6
64%
Luis Suárez Liverpool 11
64%
Peter Crouch Stoke City 10
64%
Jermain Defoe Tottenham Hotspur 11
62%
Ryan Giggs Manchester United 2
61%
Edin Džeko Manchester City 14
59%
Fernando Torres Chelsea 6
59%
Gareth Bale Tottenham Hotspur 10
59%
Michael Carrick Manchester United 2
59%
Paul Scholes Manchester United 4
59%
Dimitar Berbatov Manchester United 7
58%
Theo Walcott Arsenal 8
58%
Yaya Touré Manchester City 6
58%
Adam Johnson Manchester City 6
57%
Andy Johnson Fulham 3
57%
Bradley Johnson Norwich City 2
57%
Gary Cahill Bolton Wanderers 2
57%
Gary Cahill Chelsea 1
57%
Glen Johnson Liverpool 1
57%
Tim Cahill Everton 2
57%
Djibril Cissé Queens Park Rangers 6
55%
Papiss Cissé Newcastle United 13
55%
Carlos Tévez Manchester City 4
54%
Andy Carroll Liverpool 4
52%
Ji-sung Park Manchester United 2
52%
Mario Balotelli Manchester City 13
52%
Thierry Henry Arsenal 1
52%
Darren Bent Aston Villa 9
51%
James Milner Manchester City 3
51%
Kenwyne Jones Stoke City 1
51%
Laurent Koscielny Arsenal 2
51%
Phil Jones Manchester United 1
51%
Vincent Kompany Manchester City 3
51%
Aaron Ramsey Arsenal 2
49%
Gareth Barry Manchester City 1
49%
Robbie Keane Aston Villa 3
49%
Ashley Young Manchester United 6
48%
Danny Welbeck Manchester United 9
48%
Darren Fletcher Manchester United 1
48%
Florent Malouda Chelsea 2
48%
Javier Hernández Manchester United 10
48%
Luke Young Queens Park Rangers 2
48%
Nani Manchester United 8
48%
Steven Fletcher Wolverhampton Wanderers 12
48%
Luka Modrić Tottenham Hotspur 4
46%
Emmanuel Adebayor Tottenham Hotspur 17
45%
Nicolas Anelka Chelsea 1
45%
Samir Nasri Manchester City 5
45%
Antonio Valencia Manchester United 4
43%
Mikel Arteta Arsenal 6
43%
Mikel Arteta Everton 1
43%
Pablo Zabaleta Manchester City 1
43%
Ashley Williams Swansea City 1
42%
Bacary Sagna Arsenal 1
42%
Daniel Agger Liverpool 1
42%
Daniel Sturridge Chelsea 11
42%
Dirk Kuyt Liverpool 2
42%
Joleon Lescott Manchester City 2
42%
Martin Škrtel Liverpool 2
42%
Micah Richards Manchester City 1
42%
Leighton Baines Everton 4
41%
Andrey Arshavin Arsenal 1
39%
Branislav Ivanović Chelsea 3
39%
Charlie Adam Liverpool 2
39%
Nicklas Bendtner Sunderland 8
39%
Ramires Chelsea 5
39%
Alex Song Arsenal 1
38%
Kevin Davies Bolton Wanderers 6
38%
Mark Davies Bolton Wanderers 4
38%
Tommy Smith Queens Park Rangers 2
38%
Aaron Lennon Tottenham Hotspur 3
36%
Gabriel Agbonlahor Aston Villa 5
36%
Jordan Henderson Liverpool 2
36%
Kyle Walker Tottenham Hotspur 2
36%
Marouane Fellaini Everton 3
36%
Aleksandar Kolarov Manchester City 2
35%
Alex Oxlade-Chamberlain Arsenal 2
35%
Franco Di Santo Wigan Athletic 7
35%
Kieran Gibbs Arsenal 1
35%
Ryan Taylor Newcastle United 2
35%
Salomon Kalou Chelsea 1
35%
Wes Brown Sunderland 1
35%
Joe Allen Swansea City 4
33%
Juan Mata Chelsea 6
33%
Leon Osman Everton 4
33%
Anderson Manchester United 2
32%
Clint Dempsey Fulham 17
32%
Louis Saha Everton 1
32%
Louis Saha Tottenham Hotspur 3
32%
Nathan Dyer Swansea City 5
32%
Rafael van der Vaart Tottenham Hotspur 11
32%
Thomas Vermaelen Arsenal 6
32%
Tomáš Rosický Arsenal 1
32%
David Luiz Chelsea 2
30%
DJ Campbell Queens Park Rangers 1
30%
Fraizer Campbell Sunderland 1
30%
Joey Barton Queens Park Rangers 3
30%
Jonny Evans Manchester United 1
30%
Yakubu Aiyegbeni Blackburn Rovers 17
30%
Yohan Cabaye Newcastle United 4
30%
Gervinho Arsenal 4
29%
Marouane Chamakh Arsenal 1
29%
Phil Jagielka Everton 2
29%
Wayne Routledge Swansea City 1
29%
Bobby Zamora Fulham 5
28%
Bobby Zamora Queens Park Rangers 2
28%
Craig Bellamy Liverpool 6
28%
Danny Murphy Fulham 3
28%
Chris Smalling Manchester United 1
26%
Grant Holt Norwich City 15
26%
Hugo Rodallega Wigan Athletic 2
26%
José Bosingwa Chelsea 1
26%
Mousa Dembélé Fulham 2
26%
Steven Pienaar Everton 4
26%
Yossi Benayoun Arsenal 4
26%
Morten Gamst Pedersen Blackburn Rovers 3
25%
Jonás Gutiérrez Newcastle United 2
23%
Nikica Jelavić Everton 9
23%
Sebastian Larsson Sunderland 7
23%
Chris Brunt West Bromwich Albion 2
22%
Danny Graham Swansea City 12
22%
Emile Heskey Aston Villa 1
22%
Gylfi Sigurðsson Swansea City 7
22%
Hatem Ben Arfa Newcastle United 5
22%
Jonathan Walters Stoke City 7
22%
Jonjo Shelvey Liverpool 1
22%
Maxi Rodríguez Liverpool 4
22%
Peter Odemwingie West Bromwich Albion 10
22%
Raúl Meireles Chelsea 2
22%
Rory Delap Stoke City 2
22%
Ryan Shawcross Stoke City 2
22%
Benoît Assou-Ekotto Tottenham Hotspur 2
20%
Shane Long West Bromwich Albion 8
20%
Craig Gardner Sunderland 3
19%
Damien Duff Fulham 2
19%
Darron Gibson Everton 1
19%
David Dunn Blackburn Rovers 2
19%
Kevin Doyle Wolverhampton Wanderers 4
19%
Tim Howard Everton 1
19%
Wes Hoolahan Norwich City 4
19%
Younès Kaboul Tottenham Hotspur 1
19%
Adel Taarabt Queens Park Rangers 2
17%
Scott Sinclair Swansea City 8
17%
Stéphane Sessègnon Sunderland 7
17%
Victor Moses Wigan Athletic 6
17%
Bryan Ruiz Fulham 2
16%
Gabriel Obertan Newcastle United 1
16%
James Morrison West Bromwich Albion 5
16%
Jamie Mackie Queens Park Rangers 7
16%
Jonas Olsson West Bromwich Albion 2
16%
Martin Petrov Bolton Wanderers 4
16%
Robert Huth Stoke City 3
16%
Roman Pavlyuchenko Tottenham Hotspur 1
16%
Russell Martin Norwich City 2
16%
Simeon Jackson Norwich City 3
16%
Stiliyan Petrov Aston Villa 4
16%
Glenn Whelan Stoke City 1
14%
Kieran Richardson Sunderland 2
14%
Shola Ameobi Newcastle United 2
14%
Steve Sidwell Fulham 1
14%
André Santos Arsenal 2
13%
Cameron Jerome Stoke City 4
13%
Christopher Samba Blackburn Rovers 2
13%
Emmerson Boyce Wigan Athletic 3
13%
James Collins Aston Villa 1
13%
James McArthur Wigan Athletic 3
13%
Luke Moore Swansea City 2
13%
Matt Jarvis Wolverhampton Wanderers 8
13%
Richard Dunne Aston Villa 1
13%
Shaun Maloney Wigan Athletic 3
13%
Stephen Ireland Aston Villa 1
13%
Ben Watson Wigan Athletic 3
12%
Ciaran Clark Aston Villa 1
12%
Dong-won Ji Sunderland 2
12%
Jack Rodwell Everton 2
12%
Jordi Gómez Wigan Athletic 5
12%
Marcos Alonso Bolton Wanderers 1
12%
Matthew Etherington Stoke City 3
12%
Phil Bardsley Sunderland 1
12%
Stephen Ward Wolverhampton Wanderers 3
12%
Sylvan Ebanks-Blake Wolverhampton Wanderers 1
12%
Anthony Pilkington Norwich City 8
10%
Charles N'Zogbia Aston Villa 2
10%
Gary Caldwell Wigan Athletic 3
10%
Niko Kranjčar Tottenham Hotspur 1
10%
Philippe Senderos Fulham 1
10%
Victor Anichebe Everton 5
10%
Gareth McAuley West Bromwich Albion 2
9%
Ivan Klasnić Bolton Wanderers 8
9%
Jack Colback Sunderland 1
9%
James McClean Sunderland 5
9%
Jamie O'Hara Wolverhampton Wanderers 2
9%
Jerome Thomas West Bromwich Albion 1
9%
Junior Hoilett Blackburn Rovers 7
9%
Stefan Savić Manchester City 1
9%
Stephen Hunt Wolverhampton Wanderers 3
9%
Steven Reid West Bromwich Albion 1
9%
Titus Bramble Sunderland 1
9%
Antolín Alcaraz Wigan Athletic 2
7%
Graham Dorrans West Bromwich Albion 3
7%
Heiðar Helguson Queens Park Rangers 8
7%
John Heitinga Everton 1
7%
Matthew Upson Stoke City 1
7%
Steven Nzonzi Blackburn Rovers 2
7%
Youssouf Mulumbu West Bromwich Albion 1
7%
Andreas Weimann Aston Villa 2
6%
Connor Wickham Sunderland 1
6%
Dan Gosling Newcastle United 1
6%
Danny Guthrie Newcastle United 1
6%
Fabrice Muamba Bolton Wanderers 1
6%
Jonathan Howson Norwich City 1
6%
Leon Best Newcastle United 4
6%
Leroy Lita Swansea City 2
6%
Magaye Gueye Everton 1
6%
Marc Albrighton Aston Villa 2
6%
Mohamed Diamé Wigan Athletic 3
6%
Nigel Reo-Coker Bolton Wanderers 4
6%
Stephen Warnock Aston Villa 2
6%
Alejandro Faurlín Queens Park Rangers 1
4%
Chris Eagles Bolton Wanderers 4
4%
David Vaughan Sunderland 2
4%
Liam Ridgewell West Bromwich Albion 1
4%
Mahamadou Diarra Fulham 1
4%
Mauro Formica Blackburn Rovers 4
4%
Paul Scharner West Bromwich Albion 3
4%
Royston Drenthe Everton 3
4%
Rubén Rochina Blackburn Rovers 2
4%
Sebastián Coates Liverpool 1
4%
Andrew Surman Norwich City 4
3%
Apostolos Vellios Everton 3
3%
David Edwards Wolverhampton Wanderers 3
3%
David Goodwillie Blackburn Rovers 2
3%
David N'Gog Bolton Wanderers 3
3%
David Wheater Bolton Wanderers 2
3%
Dedryck Boyata Bolton Wanderers 1
3%
Elliott Bennett Norwich City 1
3%
Grant Hanley Blackburn Rovers 1
3%
Grétar Steinsson Bolton Wanderers 1
3%
Marc-Antoine Fortuné West Bromwich Albion 2
3%
Michael Kightly Wolverhampton Wanderers 3
3%
Scott Dann Blackburn Rovers 1
3%
Shaun Derry Queens Park Rangers 1
3%
Somen Tchoyi West Bromwich Albion 1
3%
Steve Morison Norwich City 9
3%
Taye Taiwo Queens Park Rangers 1
3%
Ahmed Elmohamady Sunderland 1
1%
Barry Bannan Aston Villa 1
1%
Chris Herd Aston Villa 1
1%
Darren Pratley Bolton Wanderers 1
1%
Jay Bothroyd Queens Park Rangers 2
1%
Keith Andrews West Bromwich Albion 2
1%
Leon Barnett Norwich City 1
1%
Pavel Pogrebnyak Fulham 6
1%
Ritchie De Laet Norwich City 1
1%
Ronald Zubar Wolverhampton Wanderers 1
1%
Samba Diakité Queens Park Rangers 1
1%
Aaron Wilbraham Norwich City 1
0%
Ákos Buzsáky Queens Park Rangers 2
0%
Albert Crusat Wigan Athletic 1
0%
Andrea Orlandi Swansea City 1
0%
Denis Stracqualursi Everton 1
0%
Eric Lichaj Aston Villa 1
0%
Ryan Shotton Stoke City 1
0%
Sam Ricketts Bolton Wanderers 1
0%
Simon Vukčević Blackburn Rovers 1
0%
No matching quizzes found
Score Distribution
Percent of People with Each Score
Percentile by Number Answered
Your Score History
You have not taken this quiz